Sports Quiz

Random Sports or MLB Quiz

MLB Home Run Leaders (A-Z) Quiz Stats

 Plays Quiz Updated Oct 1, 2020

Support Sporcle.
Go Orange.
Score 0/25 Timer 05:00
10 Plays Today
Letter Player % Correct
BBarry Bonds
97.4%
AHank Aaron
95.5%
RBabe Ruth
89.4%
SSammy Sosa
78.1%
MWillie Mays
76.2%
GKen Griffey, Jr.
67.2%
WTed Williams
61.9%
TJim Thome
54%
JReggie Jackson
52.8%
KHarmon Killebrew
50.8%
PAlbert Pujols
49.6%
YCarl Yastrzemski
46.9%
ODavid Ortiz
43%
Letter Player % Correct
FJimmie Foxx
39.3%
CMiguel Cabrera
28%
QCarlos Quentin
20.4%
HFrank Howard, Ryan Howard
19%
UJustin Upton
18.7%
ZRyan Zimmerman
17.7%
EEdwin Encarnacion
17.6%
DCarlos Delgado
16.8%
VGreg Vaughn
14.7%
NGraig Nettles
14.3%
IRaul Ibanez
11.8%
LCarlos Lee
8.5%

From the Vault

Dahl Book by Opening Line

by Flick

"A little nonsense now and then is relished by the wisest men."
Remove Ads.
Support Sporcle.
Get the best of Sporcle when you Go Orange. This ad-free experience offers more features, more stats, and more fun while also helping to support Sporcle. Thank you for becoming a member.

Show Comments

Extras

Top Quizzes Today


Score Distribution

Your Account Isn't Verified!

In order to create a playlist on Sporcle, you need to verify the email address you used during registration. Go to your Sporcle Settings to finish the process.

Report this User

Report this user for behavior that violates our Community Guidelines.

Details: